=LDR 00000nam 2200000 4500 =001 INLIS000000000026949 =005 20210428101542 =035 ##$$a 0010-061300000026949 =008 210428################g##########0#ind## =041 ##$$a Ind =082 ##$$a 338.642 =090 ##$$a 338.642, Ely s =100 ##$$a Elyas, Nurdin =245 1#$$a Sukses dengan home industri /$c Nurdin Elyas =260 ##$$a Yogyakarta :$b Absolut,$c 2004 =300 ##$$a 122 hlm, : $b ilus, ; $c 19 cm =650 #4$$a Industri Kecil =850 ##$$a NBPNMAT =084 ##$$a 338.642 ELY s =990 ##$$a 10406637 =990 ##$$a 20703063 =990 ##$$a 10406639 =990 ##$$a 10406638 =990 ##$$a 1200401037 =990 ##$$a 10406636 =990 ##$$a 10406637 =990 ##$$a 20703063 =990 ##$$a 10406639 =990 ##$$a 10406638